书目信息 |
| 书名: | Three Girls and Their Brother | |
| 作者: | Theresa Rebeck | |
| 分册号: | ||
| 分册名: | 出版地: | NEW YORK |
|
| 出版社: | HarperCollins Publishers Limited | |
| 出版时间: | 2008 | |
| 页数: | 401P | |
| 开本: | 24CM | |
| 丛书名: | ||
| 中图分类号: | ||
| 科图分类号: | ||
| 其他分类号: | I712.45 | |
| 主题词: | ||
| 电子资源: | ||
| 000 | 00416nam0 2200145 450 | |
| 001 | 202012002997 | |
| 005 | 20121202101016.0 | |
| 008 | 12120201s | |
| 020 | @a9780007257690@c$20.99 | |
| 099 | @dI712.45@eT398 | |
| 245 | 10 | @aThree Girls and Their Brother@cTheresa Rebeck |
| 260 | 0 | @aNEW YORK@bHarperCollins Publishers Limited@c2008 |
| 300 | @a401P@c24CM | |
| 905 | @b14052-3 | |
| 905 | @aTSG@dI712.45@eT398 | |
| Three Girls and Their Brother / Theresa Rebeck.-NEW YORK : HarperCollins Publishers Limited , 2008 |
| 401P ; 24CM |
| ISBN 9780007257690$20.99 |
| ● |
| 相关链接 |
|
|
|
正题名:Three Girls and Their Brother
索取号:I712.45/T398
 
预约/预借
| 序号 | 登录号 | 条形码 | 馆藏地/架位号 | 状态 | 备注 |
| 1 | 14052 | 300140522 | 文学库116/ [索取号:I712.45/T398] | 在馆 | |
| 2 | 14053 | 300140531 | 文学库116/ [索取号:I712.45/T398] | 在馆 |